Encyclopedia & dictionary of medicine, nursing, & allied health
Encyclopedia and dictionary serves as a current, comprehensive vocabulary source for the health sciences. Includes 3,900 new entries, with archaic and obsolete terms deleted. The latest changes for diagnosis-related groups, nursing diagnoses, and other key nursing taxonomies are included. Revised ta...
محفوظ في:
| التنسيق: | كتاب |
|---|---|
| اللغة: | Undetermined |
| منشور في: |
Philadelphia
Saunders
2003
|
| الموضوعات: | |
| الوسوم: |
إضافة وسم
لا توجد وسوم, كن أول من يضع وسما على هذه التسجيلة!
|
| Thư viện lưu trữ: | Trung tâm Học liệu Trường Đại học Cần Thơ |
|---|
| LEADER | 00846nam a2200169Ia 4500 | ||
|---|---|---|---|
| 001 | CTU_214005 | ||
| 008 | 210402s9999 xx 000 0 und d | ||
| 082 | |a 610.3 | ||
| 082 | |b E56 | ||
| 245 | 0 | |a Encyclopedia & dictionary of medicine, nursing, & allied health | |
| 260 | |a Philadelphia | ||
| 260 | |b Saunders | ||
| 260 | |c 2003 | ||
| 520 | |a Encyclopedia and dictionary serves as a current, comprehensive vocabulary source for the health sciences. Includes 3,900 new entries, with archaic and obsolete terms deleted. The latest changes for diagnosis-related groups, nursing diagnoses, and other key nursing taxonomies are included. Revised tables and illustrations. | ||
| 650 | |a Medicine,Nursing,Allied health personnel,Thuốc uống,Điều dưỡng | ||
| 904 | |i Tuyến | ||
| 980 | |a Trung tâm Học liệu Trường Đại học Cần Thơ | ||